000 00708nam a2200289Ia 4500
001 2266
003 IT-RoPAU
008 130308s9999 xx 000 0 und d
040 _aIT-RoPAU
040 _cIT-RoPAU
041 _aFRANCESE
100 _aEpstein Jean
100 _gCodice Aut. SPICS: 6924
245 _aCinema (La sirene)
245 _bCinema (La Sirene)
250 _a1a ed.
260 _aPARIS
260 _bLa Sirene
260 _c1921 [1° Ed.:1921 - Ed.Ling.Originale:1921]
300 _a"128 p. (prefazione: no ; testo: 128)"
650 _aTEORICHE CINEMATOGRAFICHE
650 _eCodice materia Spics: 6805
942 _cBK
957 _71
999 _c71107
_d71107
999 _bSI
999 _g1